Estudio crítico de la Campaña de 1838-39: Trabajo premiado en el Certamen del Centenario

Saved in:
Bibliographic Details
Main Author: Galdámez Lastra, Fabio (Author)
Format: Book
Language:Spanish
Published: Santiago Talleres del Estado Mayor Jeneral 1910
Edition:1a. ed
Subjects:
Tags: Add Tag
No Tags, Be the first to tag this record!

MARC

LEADER 00000nam a2200000 a 4500
001 UCJ4693
003 CL-VaPUC
008 070124e19100000CL |||||||||||||||||spa|d
082 0 4 |a 983  |b GAL  |2 21 
100 |a Galdámez Lastra, Fabio  |e author  |9 510089 
245 1 0 |a Estudio crítico de la Campaña de 1838-39: Trabajo premiado en el Certamen del Centenario 
250 |a 1a. ed 
300 |a 111 p 
942 |c BK 
945 |d 20070124 00:00:00  |a rinostro 
260 |a Santiago  |b Talleres del Estado Mayor Jeneral  |c 1910 
500 |a Cinco mapas fuera de texto 
650 7 |a CONFEDERACION PERU-BOLIVIANA  |2 CL-VaPUC  |9 436738 
650 0 |a Guerra contra la confederación  |9 506371 
650 0 |a Operaciones militares  |9 372045 
650 0 |a Batalla de Yungay  |9 508836 
650 0 |a Mapas  |9 260844 
650 0 |a Historia de Chile  |9 265473 
583 |a last modification  |c 20130925 06:16:31  |k Rodrigo Vera 
999 |c 320809  |d 320807 
952 |0 0  |1 0  |4 0  |6 983_000000000000000_GAL_1910  |7 0  |8 X  |9 399410  |a FDOBUD  |b FDOBUD  |d 2019-11-22  |i 1023527  |o 983 GAL 1910  |p 1023527  |r 2019-11-22  |w 2019-11-22  |y BK_X  |k BUD